000
00384nam a2200145Ia 4500
008
090124s9999 xx 000 0 und d
082
_b
300897
245
_a
जायंट व्हिल
250
_a
1
260
_b
वाड छाया
_c
1982
300
_a
259
630
_a
जायंट व्हिल
730
_a
जायंट व्हिल
942
_c
BOOK
999
_c
190451
_d
190451